The turtle who went to war : a Sioux story /

Bibliographic Details
Main Author: Perry, Lavina
Corporate Authors: Northwest Regional Educational Laboratory, National Institute of Education (U.S.). Educational Equity Group
Other Authors: Ventura, Lisa
Format: Government Document eBook
Language:English
Published: [Washington, D.C.] : [National Institute of Education], [1978]
Series:Indian reading series ; level 3, bk. 19.
Subjects:
Online Access:https://purl.fdlp.gov/GPO/gpo14169

MARC

Tag First Indicator Second Indicator Subfields
LEADER 00000cam a2200000 a 4500
001 in00002741237
005 20211120163657.0
006 m o d f
007 cr mn|||||||||
008 111220s1978 dcua jo f000 0 eng c
035 |a (OCoLC)ocn768892918 
040 |a GPO  |c GPO  |d MvI  |d UtOrBLW 
042 |a pcc 
043 |a n-us--- 
049 |a WWW 
074 |a 0461-D-07 (online) 
086 0 |a ED 1.319:3/19 
100 1 |a Perry, Lavina. 
245 1 4 |a The turtle who went to war :  |b a Sioux story /  |c as told by Lavina Perry ; illustrated by Lisa Ventura. 
264 1 |a [Washington, D.C.] :  |b [National Institute of Education],  |c [1978] 
264 4 |c ©1978 
300 |a 1 online resource (15 pages) :  |b illustrations 
336 |a text  |b txt  |2 rdacontent 
337 |a computer  |b c  |2 rdamedia 
338 |a online resource  |b cr  |2 rdacarrier 
490 1 |a The Indian reading series : stories and legends of the Northwest ;  |v level 3, bk. 19 
500 |a Title from PDF title screen (viewed Oct. 20, 2011). 
500 |a "Developed by the Pacific Northwest Indian Reading and Language Development Program, Northwest Regional Educational Laboratory"--Title page verso. 
500 |a "Performed pursuant to contract number 400-76-0048 with the Educational Equity Group/Multicultural/Bilingual Division of the National Institute of Education"--Title page verso. 
500 |a Electronic resource. 
650 0 |a Indians of North America  |v Juvenile literature. 
650 0 |a Turtles  |v Folklore. 
650 0 |a Siouan Indians  |x Folklore. 
700 1 |a Ventura, Lisa. 
710 2 |a Northwest Regional Educational Laboratory. 
710 2 |a National Institute of Education (U.S.).  |b Educational Equity Group. 
776 0 8 |i Print version:  |a Perry, Lavina.  |t Turtle who went to war  |w (OCoLC)8396925 
830 0 |a Indian reading series ;  |v level 3, bk. 19. 
856 4 0 |u https://purl.fdlp.gov/GPO/gpo14169  |t 0 
999 |a MARS 
999 f f |s 1ed9d0f0-0045-3efb-aa36-961ebd417f2c  |i b742ebc6-8793-31ed-b098-a352c05efa45  |t 0 
952 f f |a Texas A&M University  |b College Station  |c Electronic Resources  |d Available Online  |t 0  |e ED 1.319:3/19  |h Superintendent of Documents classification 
998 f f |a ED 1.319:3/19  |t 0  |l Available Online